A grande transformação : (Record no. 1120)
[ view plain ]
| 000 -LÍDER | |
|---|---|
| Campo Fixo de Controle | 00828nam a2200265 a 4500 |
| 001 - NÚMERO DE CONTROLE | |
| Campo de Controle | 1120 |
| 003 - IDENTIFICAÇÃO DO NÚMERO DE CONTROLE | |
| Campo de Controle | BR-CuiBMT |
| 005 - DATA E HORA DA ÚLTIMA ATUALIZAÇÃO | |
| Campo de Controle | 20231129010529.0 |
| 008 - DADOS FIXOS | |
| Dados Fixos | 230804s2012 rjb 001 0 por d |
| 020 ## - INTERNATIONAL STANDARD BOOK NUMBER | |
| Nº do ISBN | 9788535250763 |
| 040 ## - AGÊNCIA CATALOGADORA | |
| Código da Agência Catalogadora | BR-CuiBMT |
| Agência que transcreveu o registro | BR-CuiBMT |
| 080 ## - Nº DA CLASSIFICAÇÃO DECIMAL UNIVERSAL | |
| Nº Class. CDU | 330 |
| Nº edição CDU | 2007 |
| Subd. Auxiliar Comum | (09) |
| 090 ## - NÚMERO DE CHAMADA | |
| Nº classificação | 330(09) |
| Cutter | P762g |
| Ano/Edição | 2. ed. |
| 100 1# - ENTRADA PRINCIPAL -- AUTOR PESSOAL | |
| Nome pessoal | Polanyi, Karl |
| Datas associadas ao nome | 1886-1964 |
| 240 ## - TÍTULO UNIFORME/ORIGINAL | |
| Título original | The great transformation. |
| Idioma da publicação | Português |
| 245 12 - TÍTULO PRINCIPAL | |
| Título principal | A grande transformação : |
| Subtítulo | as origens da nossa época / |
| Indicação de responsabilidade | Karl Polanyi ; Tradução de Fanny Wrobel. |
| 250 ## - EDIÇÃO | |
| Edição | 2. ed. |
| 260 ## - PUBLICAÇÃO, DISTRIBUIÇÃO, ETC. | |
| Local de publicação | Rio de Janeiro : |
| Editora | Elsevier : |
| -- | Campus, |
| Data | 2012. |
| 300 ## - DESCRIÇÃO FÍSICA | |
| N. páginas ou volumes | 342 p. ; |
| Dimensões | 23 cm |
| 504 ## - NOTA DE BIBLIOGRAFIA, ETC. | |
| Nota de bibliografia | Inclui bibliografia e índice. |
| 650 ## - ASSUNTO TÓPICO | |
| Cabeçalho tópico ou nome geográfico | Economia |
| Subdivisão geral | História |
| 650 ## - ASSUNTO TÓPICO | |
| Cabeçalho tópico ou nome geográfico | Mudança social |
| Subdivisão geral | História |
| 700 1# - ENTRADA SECUNDÁRIA -- NOME PESSOAL | |
| Nome pessoal | Wrobel, Fanny |
| Cód. do termo explicativo | Trad. |
| 942 ## - ELEMENTOS DE ENTRADA ADICIONAIS (KOHA) | |
| Fonte de classificação ou esquema de arquivamento | Classificação Decimal Universal |
| Tipo de item do Koha | Livros |
| Estado: removido | Estado: perdido | Fonte de classificação ou esquema de arquivamento | Estado: danificado | Indisponível para empréstimo | Localização permanente | Localização atual | Data de aquisição | Total Checkouts | Número de Chamada completo | Código de barras | Date last seen | Número do exemplar | Preço efetivo a partir de | Tipo de item (Koha) |
|---|---|---|---|---|---|---|---|---|---|---|---|---|---|---|
| Classificação Decimal Universal | Biblioteca da Escola Superior de Contas do TCE/MT | Biblioteca da Escola Superior de Contas do TCE/MT | 02/04/2013 | 330(09) P762g 2. ed. | BIBTCEMT23111298 | 29/11/2023 | Ex. 1 | 29/11/2023 | Livros |